[Event "Kuala Lumpur op 3rd"]
[Site "Kuala Lumpur"]
[Date "2006.08.23"]
[Round "6"]
[White "Bachtiar, Arovah"]
[Black "Nguyen, Quynh Anh"]
[Result "1-0"]
[WhiteElo "2285"]
[BlackElo "2120"]
[PlyCount "95"]
[EventDate "2006.08.21"]
[EventType "swiss"]
[EventRounds "11"]
[EventCountry "MAS"]
[SourceTitle "CBM 114 Extra"]
[Source "ChessBase"]
[SourceDate "2006.11.03"]
[SourceVersion "1"]
[SourceVersionDate "2006.11.03"]
[SourceQuality "1"]

1. e4 c5 2. Nf3 d6 3. d4 cxd4 4. Nxd4 Nf6 5. Nc3 e6 6. Be2 a6 7. Be3 Be7 8. g4 b5 9. g5 Nfd7 10. Rg1 Bb7 11. Bd3 b4 12. Nce2 d5 13. exd5 Bxd5 14. Nf4 Ne5 15. Nxd5 Nxd3+ 16. Qxd3 Qxd5 17. 0-0-0 Nc6 18. Kb1 Nxd4 19. Bxd4 0-0 20. Rg3 e5 21. Be3 Qxd3 22. Rxd3 Rfd8 23. Rxd8+ Rxd8 24. Kc1 f5 25. gxf6 Bxf6 26. Rg4 Rb8 27. Rc4 Kf7 28. Rc7+ Kg6 29. Ra7 Kh5 30. Rxa6 Kg4 31. Rb6 Rxb6 32. Bxb6 Be7 33. c4 bxc3 34. bxc3 Ba3+ 35. Kc2 Kh3 36. Kb3 Bd6 37. a4 Kxh2 38. a5 h5 39. a6 Bb8 40. Bc7 Ba7 41. Bxe5+ Kg2 42. Bd4 Bb8 43. Bxg7 h4 44. Be5 Bxe5 45. a7 h3 46. a8Q+ Kg1 47. f4 Bxf4 48. Qf3 1-0

[Event "Kuala Lumpur op 3rd"]
[Site "Kuala Lumpur"]
[Date "2006.08.22"]
[Round "4"]
[White "Bachtiar, Arovah"]
[Black "Shvedchikov, Anatoli I"]
[Result "0-1"]
[WhiteElo "2285"]
[BlackElo "2427"]
[PlyCount "123"]
[EventDate "2006.08.21"]
[EventType "swiss"]
[EventRounds "11"]
[EventCountry "MAS"]
[SourceTitle "CBM 114 Extra"]
[Source "ChessBase"]
[SourceDate "2006.11.03"]
[SourceVersion "1"]
[SourceVersionDate "2006.11.03"]
[SourceQuality "1"]

1. e4 c6 2. d4 d5 3. e5 g6 4. Nf3 Bg4 5. Be3 Nh6 6. Bd3 Nf5 7. Bxf5 Bxf5 8. 0-0 e6 9. b3 Be7 10. c4 g5 11. Nc3 h6 12. a3 Nd7 13. Ne1 Nf8 14. Ra2 h5 15. Nd3 Ng6 16. cxd5 exd5 17. b4 a6 18. Nc5 Qc8 19. Qc1 b6 20. N5a4 Qd8 21. Ne2 Rc8 22. f4 g4 23. Ng3 Nh4 24. Raf2 Rh6 25. Qd2 b5 26. Nb2 a5 27. Nd3 axb4 28. axb4 Ra8 29. Rc1 Ra3 30. Nc5 Qa8 31. Qe1 Rh8 32. Bd2 Kf8 33. e6 f6 34. Bc3 Kg7 35. Bb2 Ra2 36. Qc3 Kg6 37. Nxf5 Nxf5 38. Nd7 Ra6 39. Qd3 Qg8 40. Re2 Qh7 41. Rf1 Kg7 42. Nc5 Ra2 43. Qb3 Ra7 44. Qc2 Rc8 45. Bc3 Rca8 46. Nd7 g3 47. h3 Ra2 48. Qd3 R8a3 49. Rxa2 Rxa2 50. Nb8 Rxg2+ 51. Kh1 Rh2+ 52. Kg1 Qg6 53. Nxc6 Rh1+ 54. Kxh1 g2+ 55. Kh2 gxf1N+ 56. Qxf1 Qg3+ 57. Kh1 Qxc3 58. Qg2+ Qg3 59. Qxg3+ Nxg3+ 60. Kg2 Nf5 61. Kf3 Kf8 62. Ke2 0-1

[Event "First Lady of Indonesia Cup"]
[Site "Surakarta"]
[Date "1982.03.11"]
[Round "25"]
[White "Bellon Lopez, Juan Manuel"]
[Black "Bachtiar, Arovah"]
[Result "1-0"]
[WhiteElo "2400"]
[BlackElo "2360"]
[PlyCount "141"]
[EventDate "1982.02.09"]
[EventType "tourn"]
[EventRounds "25"]
[EventCountry "INA"]
[EventCategory "9"]
[SourceTitle "MCD"]
[Source "ChessBase"]
[SourceDate "1999.07.01"]
[SourceVersion "1"]
[SourceVersionDate "1999.07.01"]
[SourceQuality "1"]

1. e4 c5 2. Nf3 d6 3. d4 cxd4 4. Nxd4 Nf6 5. Nc3 a6 6. f4 g6 7. Be2 Bg7 8. Nb3 Nc6 9. Be3 0-0 10. 0-0 b5 11. Bf3 Bb7 12. e5 dxe5 13. Nc5 e4 14. N3xe4 Nxe4 15. Bxe4 Qc8 16. c3 Na5 17. Nxb7 Nxb7 18. Qf3 Rb8 19. Ba7 Nd6 20. Bxb8 Qxb8 21. Bd3 a5 22. Rfe1 b4 23. Rxe7 bxc3 24. bxc3 Qb2 25. Rd1 Bxc3 26. Qd5 Bb4 27. Rd7 Ne8 28. Qb3 Qf6 29. f5 Qb6+ 30. Kh1 Nf6 31. Rxf7 Rxf7 32. fxg6 hxg6 33. Bxg6 Qc7 34. a3 Bf8 35. Rf1 Kg7 36. Bxf7 Qxf7 37. Qxf7+ Kxf7 38. Rf5 Bxa3 39. Rxa5 Bd6 40. g3 Ke6 41. Kg2 Ne4 42. Kf3 Nd2+ 43. Kg4 Ne4 44. Ra4 Ke5 45. Ra8 Kd4 46. Ra2 Ke3 47. Rb2 Nf2+ 48. Kf5 Kf3 49. Rb3+ Kg2 50. h4 Bxg3 51. h5 Bd6 52. h6 Bc5 53. h7 Bd4 54. Rb6 Bxb6 55. h8Q Be3 56. Qc3 Kf3 57. Qc2 Bd4 58. Qd2 Be3 59. Qb2 Kg2 60. Qe2 Bb6 61. Qd2 Bc7 62. Qd5+ Kh2 63. Qf3 Bg3 64. Ke6 Kh3 65. Kd5 Ng4 66. Qf1+ Kh4 67. Ke4 Nh2 68. Qf5 Be1 69. Ke3 Kg3 70. Ke2 Bb4 71. Qd3+ 1-0

[Event "First Lady of Indonesia Cup"]
[Site "Surakarta"]
[Date "1982.03.08"]
[Round "23"]
[White "Kurajica, Bojan"]
[Black "Bachtiar, Arovah"]
[Result "1-0"]
[WhiteElo "2510"]
[BlackElo "2360"]
[PlyCount "53"]
[EventDate "1982.02.09"]
[EventType "tourn"]
[EventRounds "25"]
[EventCountry "INA"]
[EventCategory "9"]
[SourceTitle "MCD"]
[Source "ChessBase"]
[SourceDate "1999.07.01"]
[SourceVersion "1"]
[SourceVersionDate "1999.07.01"]
[SourceQuality "1"]

1. d4 Nf6 2. Nf3 e6 3. c4 d5 4. Nc3 Be7 5. Bg5 0-0 6. e3 Nbd7 7. Qc2 a6 8. cxd5 exd5 9. Bd3 h6 10. Bf4 c5 11. g4 cxd4 12. exd4 Bb4 13. g5 hxg5 14. Nxg5 Ne4 15. Rg1 Qa5 16. Ngxe4 dxe4 17. Bc4 Bxc3+ 18. bxc3 Nf6 19. Rg5 Qa3 20. Be5 Ne8 21. Kd2 Be6 22. Rag1 g6 23. Bxe6 fxe6 24. Rxg6+ Kf7 25. Qxe4 Qxa2+ 26. Kd3 Qb3 27. Qh4 1-0

[Event "First Lady of Indonesia Cup"]
[Site "Surakarta"]
[Date "1982.03.07"]
[Round "22"]
[White "Bachtiar, Arovah"]
[Black "Csom, Istvan"]
[Result "0-1"]
[WhiteElo "2360"]
[BlackElo "2505"]
[PlyCount "98"]
[EventDate "1982.02.09"]
[EventType "tourn"]
[EventRounds "25"]
[EventCountry "INA"]
[EventCategory "9"]
[SourceTitle "MCD"]
[Source "ChessBase"]
[SourceDate "1999.07.01"]
[SourceVersion "1"]
[SourceVersionDate "1999.07.01"]
[SourceQuality "1"]

1. d4 Nf6 2. c4 e6 3. Nf3 b6 4. g3 Ba6 5. Nbd2 c5 6. Bg2 Bb7 7. 0-0 Be7 8. b3 0-0 9. Bb2 cxd4 10. Bxd4 d6 11. Qc2 Nbd7 12. Rad1 Qc7 13. Qb1 a6 14. e4 b5 15. Rfe1 Bc6 16. Bb2 e5 17. h3 Nc5 18. Nh2 Qb7 19. Ba3 Nfd7 20. g4 g6 21. Bxc5 Nxc5 22. b4 Ne6 23. Nb3 Qa7 24. Na5 Rfc8 25. Bf1 bxc4 26. Bxc4 Nf4 27. Qb3 Be8 28. Bf1 Bb5 29. Rc1 Bh4 30. Qe3 Qxe3 31. Rxc8+ Rxc8 32. Rxe3 Rc2 33. Rf3 Rxa2 34. Nb7 Bxf1 35. Nxf1 Bxf2+ 36. Kh1 Bd4 37. Nxd6 Rb2 38. Nc4 Rxb4 39. Nfd2 Ra4 40. Rb3 Ra1+ 41. Kh2 h5 42. gxh5 Nxh5 43. Kg2 a5 44. Nf3 Ra2+ 45. Kf1 Ng3+ 46. Ke1 Ra1+ 47. Kd2 Nxe4+ 48. Kc2 Ra2+ 49. Kc1 a4 0-1

[Event "First Lady of Indonesia Cup"]
[Site "Surakarta"]
[Date "1982.03.06"]
[Round "21"]
[White "Gheorghiu, Florin"]
[Black "Bachtiar, Arovah"]
[Result "1/2-1/2"]
[WhiteElo "2550"]
[BlackElo "2360"]
[PlyCount "82"]
[EventDate "1982.02.09"]
[EventType "tourn"]
[EventRounds "25"]
[EventCountry "INA"]
[EventCategory "9"]
[SourceTitle "MCD"]
[Source "ChessBase"]
[SourceDate "1999.07.01"]
[SourceVersion "1"]
[SourceVersionDate "1999.07.01"]
[SourceQuality "1"]

1. d4 Nf6 2. c4 e6 3. Nf3 Bb4+ 4. Bd2 Qe7 5. g3 0-0 6. Bg2 d5 7. Qc2 Ne4 8. 0-0 Bxd2 9. Nbxd2 f5 10. Ne5 c6 11. Ndf3 Nd7 12. c5 Ng5 13. Nxg5 Qxg5 14. Nd3 Qe7 15. Qc3 Re8 16. f4 Nf6 17. b4 Bd7 18. a4 Rec8 19. Rfb1 a6 20. Ne5 Be8 21. e3 h5 22. h4 Ne4 23. Qe1 Kh7 24. Bf1 Qd8 25. Kh2 Rcb8 26. Rb2 a5 27. b5 b6 28. Rc1 cxb5 29. c6 Rc8 30. Bxb5 Qd6 31. Rb3 Nf6 32. Kg2 Rab8 33. Rcc3 Rc7 34. Qc1 Ng4 35. Nd7 Bxd7 36. cxd7 Rxd7 37. Bxd7 Qxd7 38. Rc6 Rb7 39. Qc2 b5 40. axb5 Rxb5 41. Rcc3 a4 1/2-1/2

[Event "First Lady of Indonesia Cup"]
[Site "Surakarta"]
[Date "1982.02.26"]
[Round "15"]
[White "Bachtiar, Arovah"]
[Black "Chandler, Murray G"]
[Result "1/2-1/2"]
[WhiteElo "2360"]
[BlackElo "2470"]
[PlyCount "173"]
[EventDate "1982.02.09"]
[EventType "tourn"]
[EventRounds "25"]
[EventCountry "INA"]
[EventCategory "9"]
[SourceTitle "MCD"]
[Source "ChessBase"]
[SourceDate "1999.07.01"]
[SourceVersion "1"]
[SourceVersionDate "1999.07.01"]
[SourceQuality "1"]

1. e4 c5 2. Nf3 d6 3. d4 cxd4 4. Nxd4 Nf6 5. Nc3 Nc6 6. Ndb5 e6 7. Bg5 a6 8. Bxf6 gxf6 9. Nd4 Bg7 10. Nb3 b5 11. a3 Bb7 12. Qg4 0-0 13. Rd1 Qe7 14. Be2 Kh8 15. 0-0 Rg8 16. Qh4 Rad8 17. Bh5 Rd7 18. f4 b4 19. axb4 Nxb4 20. Rd2 Rc7 21. Bf3 Bf8 22. Na5 Ba8 23. Nb3 Rc4 24. Rff2 Rg6 25. e5 d5 26. Be2 Rc8 27. Nd4 fxe5 28. Qxe7 Bxe7 29. fxe5 Bg5 30. Bh5 Bxd2 31. Rxd2 Rg7 32. Nce2 Rf8 33. c3 Nc6 34. Nxc6 Bxc6 35. Nd4 Bd7 36. Be2 a5 37. b4 axb4 38. cxb4 f6 39. exf6 Rxf6 40. Ra2 e5 41. Nf3 Re7 42. Ra7 Rb6 43. b5 Kg8 44. Rc7 Kf8 45. Rc5 Rd6 46. h3 Kg7 47. b6 Bc6 48. Nh4 Kf6 49. Bg4 Bd7 50. b7 Rb6 51. Bxd7 Rb1+ 52. Kf2 Rb2+ 53. Ke3 Rxd7 54. Rc6+ Kf7 55. Nf5 Rbxb7 56. Nd6+ Rxd6 57. Rxd6 Rb3+ 58. Kf2 d4 59. Rh6 Kg7 60. Re6 Re3 61. g4 h5 62. gxh5 Kf7 63. Rd6 Rxh3 64. h6 d3 65. h7 e4 66. Rd4 e3+ 67. Kg2 e2 68. Rxd3 e1Q 69. Rxh3 Qd2+ 70. Kg3 Qc3+ 71. Kg2 Qh8 72. Rf3+ Kg7 73. Rg3+ Kf6 74. Rh3 Ke5 75. Kf3 Kd4 76. Rh4+ Kd3 77. Kf4 Ke2 78. Kf5 Kf3 79. Rh3+ Kg2 80. Rh5 Kg3 81. Kg6 Kf4 82. Rf5+ Ke3 83. Rf1 Qe8+ 84. Kg7 Qe7+ 85. Rf7 Qg5+ 86. Kf8 Qh6+ 87. Kg8 1/2-1/2

[Event "First Lady of Indonesia Cup"]
[Site "Surakarta"]
[Date "1982.02.14"]
[Round "5"]
[White "Bachtiar, Arovah"]
[Black "Hort, Vlastimil"]
[Result "0-1"]
[WhiteElo "2360"]
[BlackElo "2590"]
[PlyCount "65"]
[EventDate "1982.02.09"]
[EventType "tourn"]
[EventRounds "25"]
[EventCountry "INA"]
[EventCategory "9"]
[SourceTitle "MCD"]
[Source "ChessBase"]
[SourceDate "1999.07.01"]
[SourceVersion "1"]
[SourceVersionDate "1999.07.01"]
[SourceQuality "1"]

1. d4 Nf6 2. c4 g6 3. Nc3 d5 4. cxd5 Nxd5 5. e4 Nxc3 6. bxc3 Bg7 7. Nf3 0-0 8. Be2 c5 9. 0-0 b6 10. Be3 Bb7 11. Qc2 cxd4 12. cxd4 Qc8 13. Qxc8 Rxc8 14. Rac1 Nc6 15. Bd3 e6 16. Rfd1 Bf8 17. Bb1 Na5 18. Ne5 Be7 19. Rxc8+ Rxc8 20. Rc1 Rxc1+ 21. Bxc1 Bb4 22. Nf3 Nc4 23. Bd3 Nd6 24. e5 Nf5 25. Bxf5 gxf5 26. Bb2 b5 27. Ng5 Bd2 28. Nh3 b4 29. g3 Bd5 30. Nf4 Bxa2 31. Nd3 a5 32. Kf1 Bc4 33. Ke2 0-1

[Event "First Lady of Indonesia Cup"]
[Site "Surakarta"]
[Date "1982.02.12"]
[Round "4"]
[White "Keene, Raymond"]
[Black "Bachtiar, Arovah"]
[Result "1-0"]
[WhiteElo "2505"]
[BlackElo "2360"]
[PlyCount "75"]
[EventDate "1982.02.09"]
[EventType "tourn"]
[EventRounds "25"]
[EventCountry "INA"]
[EventCategory "9"]
[SourceTitle "MCD"]
[Source "ChessBase"]
[SourceDate "1999.07.01"]
[SourceVersion "1"]
[SourceVersionDate "1999.07.01"]
[SourceQuality "1"]

1. d4 Nf6 2. c4 e6 3. Nc3 Bb4 4. Bg5 Bxc3+ 5. bxc3 d6 6. f3 Nbd7 7. e4 Nf8 8. Bd3 h6 9. Be3 Ng6 10. Ne2 e5 11. Qd2 Qe7 12. Ng3 Nh4 13. 0-0 g5 14. Rab1 b6 15. a4 a5 16. c5 bxc5 17. Bb5+ Bd7 18. dxc5 Bxb5 19. Rxb5 0-0 20. c4 Rfd8 21. c6 Nh7 22. Rb7 Rdc8 23. Qb2 Nf8 24. Ne2 Ne6 25. Nc3 Ng6 26. Nd5 Qf8 27. g3 Ne7 28. Qb5 Kh8 29. Rb1 Qe8 30. Nxe7 Qxe7 31. Qd5 Qf6 32. Rf1 Rg8 33. Kh1 g4 34. f4 exf4 35. Bxf4 Qg7 36. Bc1 Kh7 37. Bb2 Qg6 38. Rf6 1-0

[Event "First Lady of Indonesia Cup"]
[Site "Surakarta"]
[Date "1982.02.10"]
[Round "2"]
[White "Sampouw, Jacobus S"]
[Black "Bachtiar, Arovah"]
[Result "0-1"]
[WhiteElo "2305"]
[BlackElo "2360"]
[PlyCount "70"]
[EventDate "1982.02.09"]
[EventType "tourn"]
[EventRounds "25"]
[EventCountry "INA"]
[EventCategory "9"]
[SourceTitle "MCD"]
[Source "ChessBase"]
[SourceDate "1999.07.01"]
[SourceVersion "1"]
[SourceVersionDate "1999.07.01"]
[SourceQuality "1"]

1. e4 c5 2. Nf3 d6 3. d4 cxd4 4. Nxd4 Nf6 5. Nc3 a6 6. Bg5 e6 7. f4 Nbd7 8. Qf3 Qc7 9. 0-0-0 b5 10. Bd3 b4 11. Nd5 exd5 12. exd5 Bb7 13. Rhe1+ Kd8 14. Qe4 Qc5 15. Nb3 Qb6 16. Bf1 h6 17. Bxf6+ Nxf6 18. Qf3 a5 19. Rd3 Rc8 20. Kb1 a4 21. Nd2 Qc5 22. c4 bxc3 23. Rxc3 Qxd5 24. Rxc8+ Bxc8 25. Qc3 Qc5 26. Qf3 Qd5 27. Qe3 Bf5+ 28. Ka1 Qc5 29. Qf3 d5 30. Bd3 Bxd3 31. Qxd3 Bd6 32. Nf3 Re8 33. Ne5 Bxe5 34. fxe5 Nd7 35. Qf5 Rxe5 0-1

[Event "First Lady of Indonesia Cup"]
[Site "Surakarta"]
[Date "1982.02.09"]
[Round "1"]
[White "Bachtiar, Arovah"]
[Black "Hulak, Krunoslav"]
[Result "0-1"]
[WhiteElo "2360"]
[BlackElo "2490"]
[PlyCount "78"]
[EventDate "1982.02.09"]
[EventType "tourn"]
[EventRounds "25"]
[EventCountry "INA"]
[EventCategory "9"]
[SourceTitle "MCD"]
[Source "ChessBase"]
[SourceDate "1999.07.01"]
[SourceVersion "1"]
[SourceVersionDate "1999.07.01"]
[SourceQuality "1"]

1. d4 Nf6 2. c4 e6 3. Nf3 c5 4. Nc3 cxd4 5. Nxd4 Nc6 6. e3 Be7 7. Be2 0-0 8. 0-0 a6 9. a3 d6 10. b4 Bd7 11. Bb2 Rc8 12. Nxc6 Bxc6 13. Rc1 Rc7 14. Qb3 b6 15. b5 axb5 16. Nxb5 Rd7 17. Nd4 Ba8 18. Bf3 Bxf3 19. Nxf3 Ne4 20. Bd4 Nc5 21. Bxc5 bxc5 22. Rfd1 Qa8 23. Rb1 Ra7 24. Rd3 Rc8 25. Nd2 f5 26. f3 Rc6 27. e4 Rca6 28. exf5 exf5 29. Qc2 Qf8 30. Rdb3 Qf6 31. Qd3 Qd4+ 32. Qxd4 cxd4 33. Rb5 g6 34. Nb3 Bg5 35. Kf1 Be3 36. Rd1 Rxa3 37. Nxd4 Ra1 38. Ke2 Rxd1 39. Kxe3 Re7+ 0-1

[Event "Marlboro Chess Classic"]
[Site "Manila"]
[Date "1979.06.17"]
[Round "3"]
[White "Sampouw, Jacobus S"]
[Black "Bachtiar, Arovah"]
[Result "1/2-1/2"]
[WhiteElo "2320"]
[BlackElo "2390"]
[PlyCount "29"]
[EventDate "1979.06.15"]
[EventType "tourn"]
[EventRounds "13"]
[EventCountry "PHI"]
[EventCategory "7"]
[SourceTitle "EXT 2004"]
[Source "ChessBase"]
[SourceDate "2003.11.25"]
[SourceVersion "1"]
[SourceVersionDate "2003.11.25"]
[SourceQuality "1"]

1. c4 c5 2. Nf3 g6 3. g3 Bg7 4. Bg2 Nf6 5. Nc3 0-0 6. 0-0 Nc6 7. d3 d6 8. Bd2 h6 9. a3 Kh7 10. Rb1 a5 11. h3 Ne8 12. Kh2 e5 13. e4 f5 14. exf5 Bxf5 15. Be3 1/2-1/2

[Event "Jakarta International"]
[Site "Jakarta"]
[Date "1979.06.06"]
[Round "10"]
[White "Bachtiar, Arovah"]
[Black "Torre, Eugenio"]
[Result "0-1"]
[WhiteElo "2390"]
[BlackElo "2520"]
[PlyCount "140"]
[EventDate "1979.05.25"]
[EventType "tourn"]
[EventRounds "11"]
[EventCountry "INA"]
[SourceTitle "EXT 2016"]
[Source "ChessBase"]
[SourceDate "2015.10.08"]
[SourceVersion "1"]
[SourceVersionDate "2015.10.08"]
[SourceQuality "1"]

1. e4 d6 2. d4 Nf6 3. Nc3 g6 4. f3 c6 5. Bg5 Nbd7 6. Qd2 b5 7. Bf4 b4 8. Nd1 a5 9. Bc4 Bg7 10. Ne2 0-0 11. Bh6 d5 12. Bxg7 Kxg7 13. exd5 cxd5 14. Bd3 e5 15. 0-0 e4 16. fxe4 dxe4 17. Bb5 Ba6 18. Bxa6 Rxa6 19. Ne3 Nb6 20. c4 bxc3 21. bxc3 Nbd5 22. Nf4 Nxe3 23. Qxe3 Re8 24. Rad1 Nd5 25. Qe2 Rc6 26. Qb5 Rd6 27. Nxd5 Rxd5 28. Qe2 Qd7 29. Rf4 f5 30. g4 Qc7 31. Qe3 Rc8 32. gxf5 gxf5 33. Rf2 Kh8 34. Rg2 Rd6 35. Kh1 Rg6 36. Rxg6 hxg6 37. d5 Kh7 38. d6 Qc6 39. Qd4 e3+ 40. Kg1 e2 41. Re1 Qxc3 42. Qxc3 Rxc3 43. Rxe2 Rd3 44. Re7+ Kh6 45. d7 Kg5 46. Re5 Kf4 47. Rxa5 Rxd7 48. Rb5 Rd1+ 49. Kg2 Rd2+ 50. Kg1 Rxa2 51. Rb4+ Kf3 52. Rb3+ Kg4 53. Rg3+ Kh5 54. Rh3+ Kg5 55. Rg3+ Kf6 56. Rb3 Ra4 57. Kg2 Kg5 58. Rg3+ Rg4 59. Kf3 Rxg3+ 60. hxg3 Kf6 61. Kf4 g5+ 62. Kf3 Ke5 63. Ke3 g4 64. Kd3 f4 65. Ke2 f3+ 66. Ke3 Kd5 67. Kf2 Ke4 68. Kf1 Ke3 69. Ke1 f2+ 70. Kf1 Kd3 0-1

[Event "Jakarta International"]
[Site "Jakarta"]
[Date "1979.05.31"]
[Round "6"]
[White "Kileng, Benny"]
[Black "Bachtiar, Arovah"]
[Result "0-1"]
[WhiteElo "2360"]
[BlackElo "2390"]
[PlyCount "80"]
[EventDate "1979.05.25"]
[EventType "tourn"]
[EventRounds "11"]
[EventCountry "INA"]
[SourceTitle "EXT 2016"]
[Source "ChessBase"]
[SourceDate "2015.10.08"]
[SourceVersion "1"]
[SourceVersionDate "2015.10.08"]
[SourceQuality "1"]

1. c4 g6 2. Nc3 Bg7 3. g3 Nf6 4. Bg2 d6 5. e4 c6 6. Nge2 0-0 7. 0-0 e5 8. d4 Be6 9. d5 cxd5 10. cxd5 Bd7 11. h3 b5 12. a3 a5 13. Be3 Na6 14. Qd3 Rb8 15. a4 Nb4 16. Qd2 bxa4 17. Nxa4 Bxa4 18. Rxa4 Nd7 19. Rfa1 Ra8 20. Nc1 Nb6 21. Bxb6 Qxb6 22. Nb3 Rac8 23. Nxa5 Nc2 24. Rc1 Nd4 25. Rxc8 Rxc8 26. Nc4 Qb3 27. Rb4 Qa2 28. Nxd6 Qb1+ 29. Kh2 Ra8 30. Rc4 Bh6 31. Qxh6 Ne2 32. h4 Qg1+ 33. Kh3 Qxf2 34. Rc3 Nxc3 35. Ne8 Rxe8 36. bxc3 Rc8 37. Qg5 f6 38. Qg4 Rxc3 39. Qe6+ Kg7 40. Qe7+ Kh6 0-1

[Event "Jakarta International"]
[Site "Jakarta"]
[Date "1978.05.??"]
[Round "?"]
[White "Bachtiar, Arovah"]
[Black "Chiong Zacarias, Romero Luis"]
[Result "1/2-1/2"]
[WhiteElo "2335"]
[BlackElo "2400"]
[PlyCount "50"]
[EventDate "1978.05.06"]
[EventType "tourn"]
[EventRounds "13"]
[EventCountry "INA"]
[EventCategory "5"]
[SourceTitle "EXT 1998"]
[Source "ChessBase"]
[SourceDate "1997.11.17"]
[SourceVersion "1"]
[SourceVersionDate "1997.11.17"]
[SourceQuality "1"]

1. d4 Nf6 2. c4 e6 3. Nf3 c5 4. e3 b6 5. Be2 Be7 6. 0-0 0-0 7. Nc3 d6 8. e4 cxd4 9. Nxd4 Bb7 10. Qc2 a6 11. Be3 Nbd7 12. f3 Rc8 13. Rfd1 Qc7 14. Rac1 Rfe8 15. Qd2 Qb8 16. Kh1 Bf8 17. Bf2 Qa8 18. Bf1 d5 19. cxd5 exd5 20. Nxd5 Nxd5 21. Rxc8 Rxc8 22. exd5 Bxd5 23. Nf5 Be6 24. Nd4 Bd5 25. Nf5 Be6 1/2-1/2

[Event "Jakarta International"]
[Site "Jakarta"]
[Date "1978.05.??"]
[Round "?"]
[White "Sampouw, Jacobus S"]
[Black "Bachtiar, Arovah"]
[Result "1-0"]
[WhiteElo "2315"]
[BlackElo "2335"]
[PlyCount "109"]
[EventDate "1978.05.06"]
[EventType "tourn"]
[EventRounds "13"]
[EventCountry "INA"]
[EventCategory "5"]
[SourceTitle "EXT 1998"]
[Source "ChessBase"]
[SourceDate "1997.11.17"]
[SourceVersion "1"]
[SourceVersionDate "1997.11.17"]
[SourceQuality "1"]

1. e4 c5 2. Nc3 Nc6 3. g3 g6 4. Bg2 Bg7 5. d3 d6 6. Nh3 Bd7 7. 0-0 Nf6 8. Kh1 0-0 9. f4 Qc8 10. Nf2 Ng4 11. Nd5 Nxf2+ 12. Rxf2 e6 13. Ne3 Ne7 14. c3 Rb8 15. e5 Nf5 16. Nxf5 exf5 17. d4 Rd8 18. Be3 dxe5 19. dxe5 Bc6 20. Rd2 Bxg2+ 21. Kxg2 Bf8 22. Rxd8 Qxd8 23. Qb3 Qd3 24. Kf2 Rd8 25. Re1 Qd5 26. Qxd5 Rxd5 27. Ke2 Be7 28. Rd1 Rxd1 29. Kxd1 Kf8 30. Kc2 Ke8 31. Kb3 Kd7 32. Kc4 Kc6 33. a4 a5 34. h3 h5 35. h4 b6 36. Bd2 Bf8 37. b4 axb4 38. cxb4 cxb4 39. Bxb4 Bxb4 40. Kxb4 Kc7 41. Kc4 Kc6 42. Kd4 Kc7 43. e6 fxe6 44. Ke5 Kc6 45. Kf6 Kd5 46. Kxg6 Ke4 47. Kf7 Kf3 48. Kxe6 Kxg3 49. Kxf5 Kxh4 50. Ke5 Kg4 51. f5 h4 52. f6 h3 53. f7 h2 54. f8Q h1Q 55. Qg8+ 1-0

[Event "Marlboro Chess Classic"]
[Site "Manila"]
[Date "1977.10.24"]
[Round "3"]
[White "Chandler, Murray G"]
[Black "Bachtiar, Arovah"]
[Result "0-1"]
[WhiteElo "2385"]
[BlackElo "2335"]
[PlyCount "82"]
[EventDate "1977.10.22"]
[EventType "tourn"]
[EventRounds "13"]
[EventCountry "PHI"]
[EventCategory "6"]
[SourceTitle "EXT 2004"]
[Source "ChessBase"]
[SourceDate "2003.11.25"]
[SourceVersion "1"]
[SourceVersionDate "2003.11.25"]
[SourceQuality "1"]

1. e4 c5 2. Nf3 d6 3. d4 cxd4 4. Nxd4 Nf6 5. Nc3 e5 6. Nf3 Be7 7. Bg5 a6 8. Qd2 Nbd7 9. Bc4 Rb8 10. a4 0-0 11. Rd1 Qc7 12. b3 b5 13. axb5 axb5 14. Bxb5 d5 15. 0-0 d4 16. Nd5 Nxd5 17. exd5 Bxg5 18. Nxg5 h6 19. Bxd7 Qxd7 20. Nf3 Qxd5 21. c4 Qd6 22. b4 Bg4 23. Rb1 Bxf3 24. gxf3 Qg6+ 25. Kh1 Qf5 26. Qe2 Rfc8 27. Rfd1 Rb6 28. Rb3 Rg6 29. c5 Qg5 30. Qf1 Qf4 31. Qh3 f5 32. Rbb1 Kh7 33. Rg1 Rxg1+ 34. Rxg1 d3 35. Qh5 Rc6 36. b5 g6 37. Qh3 Rxc5 38. Qg2 g5 39. b6 Rb5 40. Qf1 Qxf3+ 41. Rg2 Rxb6 0-1